[Event "POL-chT2"]
[Site "Poronin"]
[Date "2013.09.12"]
[Round "6.60"]
[White "Ogonowska, Katarzyna"]
[Black "Paprocka, Renata"]
[Result "0-1"]
[WhiteElo "1887"]
[BlackElo "1970"]
[PlyCount "82"]
[EventDate "2013.09.06"]
[EventType "team-swiss"]
[EventRounds "9"]
[EventCountry "POL"]
[SourceTitle "EXT 2015"]
[Source "ChessBase"]
[SourceDate "2014.11.20"]
[SourceVersion "1"]
[SourceVersionDate "2014.11.20"]
[SourceQuality "1"]
[WhiteTeam "Wroclaw AZS Politechnika"]
[BlackTeam "Bydgoszcz Chemik"]
[WhiteTeamCountry "POL"]
[BlackTeamCountry "POL"]

1. e4 c5 2. Nf3 d6 3. d4 cxd4 4. Nxd4 Nf6 5. Nc3 g6 6. Bb5+ Bd7 7. Qe2 Bg7 8. Bg5 Nc6 9. Bxc6 Bxc6 10. Nxc6 bxc6 11. e5 dxe5 12. Qxe5 0-0 13. Qc5 Qb6 14. Qxb6 axb6 15. 0-0 b5 16. a3 e6 17. Rab1 Nd5 18. Ne4 f6 19. Bd2 Rfd8 20. Nc5 Kf7 21. Rfe1 e5 22. Nd3 Bf8 23. Re4 c5 24. f4 c4 25. Nf2 exf4 26. Bxf4 f5 27. Rd4 Bc5 28. Be5 Bxd4 29. Bxd4 Re8 30. c3 Re2 31. Nh3 h6 32. b3 Rxa3 33. bxc4 bxc4 34. Rb7+ Ke6 35. Rb6+ Kf7 36. Rb7+ Ke8 37. Rb8+ Kd7 38. Kf1 Rc2 39. Rb7+ Kc6 40. Rb1 Nxc3 41. Rb6+ Kc7 0-1

[Event "POL-chT2"]
[Site "Poronin"]
[Date "2013.09.07"]
[Round "1"]
[White "Bednarska, Malgorzata"]
[Black "Ogonowska, Katarzyna"]
[Result "1-0"]
[WhiteElo "2059"]
[BlackElo "1887"]
[PlyCount "99"]
[EventDate "2013.09.06"]
[EventType "team-swiss"]
[EventRounds "9"]
[EventCountry "POL"]
[SourceTitle "EXT 2015"]
[Source "ChessBase"]
[SourceDate "2014.11.20"]
[SourceVersion "1"]
[SourceVersionDate "2014.11.20"]
[SourceQuality "1"]
[WhiteTeam "Warszawa YMCA"]
[BlackTeam "Wroclaw AZS Politechnika"]
[WhiteTeamCountry "POL"]
[BlackTeamCountry "POL"]

1. e4 c5 2. Nf3 d6 3. d4 cxd4 4. Nxd4 Nf6 5. Nc3 Nc6 6. Bg5 Bd7 7. Qd2 Nxd4 8. Qxd4 Qa5 9. f4 Rc8 10. e5 Rxc3 11. bxc3 Nd5 12. Bc4 Nxc3 13. 0-0 d5 14. Rf3 e6 15. Qxc3 Bc5+ 16. Kh1 Qxc3 17. Rxc3 Bd4 18. Rb1 Bxc3 19. Rxb7 0-0 20. Bb3 Bc8 21. Rxa7 Bd4 22. Rc7 Ba6 23. Be7 Ra8 24. Bc5 Bb2 25. Kg1 g5 26. fxg5 Bxe5 27. Ra7 Rxa7 28. Bxa7 Bf4 29. h4 Kg7 30. Kf2 f6 31. gxf6+ Kxf6 32. Kf3 Be5 33. g4 Bc3 34. Bb6 Bb7 35. Bd8+ Kg6 36. Ba4 Kf7 37. Bd7 Be5 38. a4 Bf6 39. Bxf6 Kxf6 40. Bb5 h6 41. Ke3 e5 42. c3 Ke6 43. a5 Kd6 44. Be2 Ke6 45. a6 Ba8 46. Bd1 Bc6 47. Bc2 Kf6 48. Bh7 Bb5 49. a7 Bc6 50. c4 1-0

[Event "POL-chT 2nd League"]
[Site "Lazy"]
[Date "2012.09.09"]
[Round "9"]
[White "Poznanska, Katarzyna"]
[Black "Ogonowska, Katarzyna"]
[Result "1-0"]
[WhiteElo "2086"]
[BlackElo "1846"]
[PlyCount "91"]
[EventDate "2012.09.01"]
[EventType "team-swiss"]
[EventRounds "9"]
[EventCountry "POL"]
[SourceTitle "EXT 2019"]
[Source "ChessBase"]
[SourceDate "2018.10.10"]
[SourceVersion "1"]
[SourceVersionDate "2018.10.10"]
[SourceQuality "1"]
[WhiteTeam "Wroclaw KS Polonia"]
[BlackTeam "Wroclaw AZS Politechnika"]
[WhiteTeamCountry "POL"]
[BlackTeamCountry "POL"]

1. e4 c5 2. Nf3 d6 3. d4 cxd4 4. Nxd4 e5 5. Nb3 Nf6 6. Nc3 Be6 7. Bg5 Be7 8. Bxf6 Bxf6 9. Nd2 Nc6 10. Bc4 0-0 11. 0-0 Bg5 12. Bd5 Rc8 13. Nf3 Bg4 14. h3 Bxf3 15. Qxf3 Nd4 16. Qd3 b5 17. Nxb5 Nxb5 18. Qxb5 Rxc2 19. Bb3 Rc5 20. Qd3 Qb8 21. Rad1 Rc6 22. Bd5 Rc5 23. b3 Qb4 24. Bc4 Rc6 25. Qd5 Rb6 26. Rd3 Kh8 27. Rf3 f6 28. Rd1 Qa3 29. Qe6 Qxa2 30. h4 Bxh4 31. Qg4 Qc2 32. Rf1 a5 33. Qxh4 a4 34. Rh3 h6 35. Qg3 Qxe4 36. Bd3 Qf4 37. Qxf4 exf4 38. bxa4 Rb4 39. Ra1 Ra8 40. a5 Rd4 41. a6 d5 42. Bb5 Kh7 43. a7 g5 44. Bc6 g4 45. Bxa8 gxh3 46. Bxd5 1-0

[Event "POL-chT 2nd League"]
[Site "Lazy"]
[Date "2012.09.04"]
[Round "4"]
[White "Ogonowska, Katarzyna"]
[Black "Maszota, Natalia"]
[Result "1-0"]
[WhiteElo "1846"]
[BlackElo "2116"]
[PlyCount "75"]
[EventDate "2012.09.01"]
[EventType "team-swiss"]
[EventRounds "9"]
[EventCountry "POL"]
[SourceTitle "EXT 2019"]
[Source "ChessBase"]
[SourceDate "2018.10.10"]
[SourceVersion "1"]
[SourceVersionDate "2018.10.10"]
[SourceQuality "1"]
[WhiteTeam "Wroclaw AZS Politechnika"]
[BlackTeam "Gdynia Korsarz"]
[WhiteTeamCountry "POL"]
[BlackTeamCountry "POL"]

1. e4 d6 2. d4 g6 3. c3 Bg7 4. Be3 Nd7 5. Bc4 Ngf6 6. f3 c6 7. Qd2 d5 8. exd5 Nxd5 9. Bh6 0-0 10. Ne2 Re8 11. Bxg7 Kxg7 12. 0-0 b5 13. Bxd5 cxd5 14. a4 bxa4 15. Rxa4 Nb6 16. Ra2 Nc4 17. Qc1 Qb6 18. Nf4 e6 19. Re1 a5 20. Nxd5 Qc6 21. Ne3 Nb6 22. Nd2 e5 23. Nc2 Qd5 24. Ra1 Bb7 25. dxe5 Rxe5 26. Rxe5 Qxe5 27. Qe1 Qc7 28. Nd4 Nd5 29. Qg3 Qb6 30. Nc4 Qc5 31. Nd6 Qc6 32. Kh1 Rd8 33. Ne4 Qb6 34. Qe5+ Kg8 35. Nf6+ Nxf6 36. Qxf6 Rc8 37. Re1 Qc5 38. Ne6 1-0

[Event "Wroclaw Cup-B"]
[Site "Wroclaw"]
[Date "2012.05.03"]
[Round "9"]
[White "Ogonowska, Katarzyna"]
[Black "Dzikowski, Michal"]
[Result "1/2-1/2"]
[WhiteElo "1866"]
[BlackElo "1838"]
[PlyCount "55"]
[EventDate "2012.04.30"]
[EventType "swiss"]
[EventRounds "9"]
[EventCountry "POL"]
[SourceTitle "EXT 2013"]
[Source "ChessBase"]
[SourceDate "2012.11.22"]
[SourceVersion "1"]
[SourceVersionDate "2012.11.22"]
[SourceQuality "1"]

1. e4 c6 2. d4 d5 3. Nc3 dxe4 4. Nxe4 Nf6 5. Nxf6+ exf6 6. Bf4 Be6 7. Nf3 Bd6 8. Bxd6 Qxd6 9. c3 0-0 10. Bd3 Re8 11. 0-0 Nd7 12. Qc2 Nf8 13. Nd2 Qd7 14. Ne4 Rad8 15. Nc5 Qc7 16. Nxe6 fxe6 17. Rfe1 e5 18. dxe5 Rxe5 19. Re4 Rxe4 20. Bxe4 Qf4 21. Bf3 Qc7 22. Re1 Qf7 23. Qa4 a6 24. Bd1 Qc7 25. Bb3+ Kh8 26. h3 Ng6 27. Bc2 Qf7 28. Qb4 1/2-1/2

[Event "Wroclaw Cup-B"]
[Site "Wroclaw"]
[Date "2012.05.03"]
[Round "8"]
[White "Radzicki, Wieslaw"]
[Black "Ogonowska, Katarzyna"]
[Result "0-1"]
[WhiteElo "1793"]
[BlackElo "1866"]
[PlyCount "100"]
[EventDate "2012.04.30"]
[EventType "swiss"]
[EventRounds "9"]
[EventCountry "POL"]
[SourceTitle "EXT 2013"]
[Source "ChessBase"]
[SourceDate "2012.11.22"]
[SourceVersion "1"]
[SourceVersionDate "2012.11.22"]
[SourceQuality "1"]

1. d4 d5 2. c4 dxc4 3. e3 Nf6 4. Bxc4 e6 5. Nf3 b6 6. Nc3 Bb7 7. 0-0 Be7 8. Ne5 0-0 9. Qb3 Nd5 10. Rd1 Nxc3 11. Qxc3 c5 12. b3 Nc6 13. Nxc6 Bxc6 14. Bb2 Bf6 15. Qc2 Qe7 16. dxc5 Bxb2 17. Qxb2 Qxc5 18. Rac1 Qg5 19. Bf1 Bd5 20. Rc7 h5 21. g3 Qg4 22. Be2 Qe4 23. f3 Qxe3+ 24. Kg2 Rfc8 25. Rdc1 Rxc7 26. Rxc7 Rd8 27. Rc2 Bb7 28. a3 h4 29. Qc3 Qxc3 30. Rxc3 Rd2 31. Kf2 hxg3+ 32. hxg3 Ba6 33. Re3 Rb2 34. b4 Ra2 35. Ke1 Bxe2 36. Rxe2 Rxa3 37. Kf2 a5 38. bxa5 bxa5 39. Rb2 Kf8 40. Rb7 g6 41. g4 a4 42. g5 Ra1 43. Ra7 a3 44. Kg2 a2 45. Kf2 Ke8 46. Kg2 Kd8 47. Kf2 Kc8 48. Ke2 Kb8 49. Ra3 Rg1 50. Kf2 a1Q 0-1

[Event "Wroclaw Cup-B"]
[Site "Wroclaw"]
[Date "2012.05.02"]
[Round "7"]
[White "Ogonowska, Katarzyna"]
[Black "Sernecki, Franciszek"]
[Result "1-0"]
[WhiteElo "1866"]
[BlackElo "1541"]
[PlyCount "57"]
[EventDate "2012.04.30"]
[EventType "swiss"]
[EventRounds "9"]
[EventCountry "POL"]
[SourceTitle "EXT 2013"]
[Source "ChessBase"]
[SourceDate "2012.11.22"]
[SourceVersion "1"]
[SourceVersionDate "2012.11.22"]
[SourceQuality "1"]

1. e4 c5 2. Nf3 e6 3. c3 d5 4. exd5 exd5 5. d4 Nc6 6. Bb5 a6 7. Ba4 Bd6 8. 0-0 Nge7 9. Be3 c4 10. Qc1 0-0 11. Bf4 Ng6 12. Bg3 Bxg3 13. fxg3 Bd7 14. Bc2 Qc7 15. Qd1 Rae8 16. Ng5 Qc8 17. Qh5 h6 18. Nxf7 Nge7 19. h3 Qc7 20. Nd2 Qxg3 21. Rf3 Qb8 22. Raf1 b5 23. Nxh6+ gxh6 24. Qxh6 Rxf3 25. Qh7+ Kf8 26. Rxf3+ Bf5 27. Bxf5 Qf4 28. Rxf4 Ng6 29. Bxg6# 1-0

[Event "Wroclaw op-B 6th"]
[Site "Wroclaw"]
[Date "2011.07.04"]
[Round "1"]
[White "Ogonowska, Katarzyna"]
[Black "Praczukowski, Stanislaw"]
[Result "1-0"]
[WhiteElo "1851"]
[BlackElo "1657"]
[PlyCount "51"]
[EventDate "2011.07.04"]
[EventType "swiss"]
[EventRounds "9"]
[EventCountry "POL"]
[SourceTitle "EXT 2023"]
[Source "ChessBase"]
[SourceDate "2022.10.05"]
[SourceVersion "1"]
[SourceVersionDate "2022.10.05"]
[SourceQuality "1"]

1. e4 c6 2. d4 d5 3. Nc3 dxe4 4. Nxe4 Bf5 5. Ng3 Bg6 6. h4 h6 7. Nf3 Nd7 8. Bd3 Bxd3 9. Qxd3 e6 10. Bf4 Qa5+ 11. c3 Ngf6 12. 0-0 Be7 13. Ne5 Nxe5 14. Bxe5 0-0-0 15. Qc2 Rhg8 16. b4 Qb6 17. a4 Ng4 18. Bf4 Rd5 19. Ne4 Qd8 20. b5 Rh5 21. bxc6 bxc6 22. Rfb1 e5 23. Qb3 Bb4 24. Qxb4 Qxh4 25. Qb8+ Kd7 26. Qd6+ 1-0

[Event "POL-ch Amateurs"]
[Site "Wroclaw"]
[Date "2011.07.02"]
[Round "4"]
[White "Krokay, Urszula"]
[Black "Ogonowska, Katarzyna"]
[Result "1-0"]
[WhiteElo "1940"]
[BlackElo "1851"]
[PlyCount "45"]
[EventDate "2011.07.01"]
[EventType "swiss"]
[EventRounds "7"]
[EventCountry "POL"]
[SourceTitle "EXT 2023"]
[Source "ChessBase"]
[SourceDate "2022.10.05"]
[SourceVersion "1"]
[SourceVersionDate "2022.10.05"]
[SourceQuality "1"]

1. e4 c5 2. Nf3 d6 3. c3 Nf6 4. h3 Nc6 5. Bd3 d5 6. e5 Nd7 7. Bb5 Qb6 8. Qe2 e6 9. 0-0 c4 10. Ba4 g6 11. b3 cxb3 12. axb3 Nc5 13. d4 Nxb3 14. Bxb3 Qxb3 15. Na3 a6 16. Nb5 Rb8 17. Nd6+ Bxd6 18. exd6 Qxc3 19. Bf4 Bd7 20. Rfc1 Qb4 21. Rxc6 bxc6 22. Qe5 0-0 23. Qf6 1-0

[Event "POL-ch Amateurs"]
[Site "Wroclaw"]
[Date "2011.07.02"]
[Round "3"]
[White "Ogonowska, Katarzyna"]
[Black "Dobrowolski, Marcin"]
[Result "1-0"]
[WhiteElo "1851"]
[BlackElo "1945"]
[PlyCount "83"]
[EventDate "2011.07.01"]
[EventType "swiss"]
[EventRounds "7"]
[EventCountry "POL"]
[SourceTitle "EXT 2023"]
[Source "ChessBase"]
[SourceDate "2022.10.05"]
[SourceVersion "1"]
[SourceVersionDate "2022.10.05"]
[SourceQuality "1"]

1. e4 g6 2. d4 Bg7 3. c3 c6 4. Bd3 d5 5. e5 f6 6. exf6 exf6 7. Nf3 Nh6 8. 0-0 0-0 9. Nh4 b6 10. Re1 Re8 11. Be3 Ng4 12. Bd2 Bd7 13. Na3 c5 14. Rxe8+ Qxe8 15. Qf3 Qf7 16. h3 Nh6 17. dxc5 bxc5 18. Nb5 Nc6 19. Bc2 Ne5 20. Qe2 Rb8 21. a4 a6 22. Na3 c4 23. f4 Nc6 24. Rb1 Na5 25. Qf2 Nb3 26. Qa7 Re8 27. Bxb3 cxb3 28. Qxa6 Bf8 29. Nb5 Nf5 30. Nf3 Bc5+ 31. Nbd4 Re4 32. Qa8+ Kg7 33. a5 Nxd4 34. cxd4 Bxd4+ 35. Nxd4 Rxd4 36. Bc3 Rxf4 37. Qb8 Re4 38. a6 d4 39. Bd2 Bc6 40. Rc1 Re8 41. Qd6 Ba8 42. Rc7 1-0

[Event "POL-chT 66th"]
[Site "Katowice"]
[Date "2010.09.08"]
[Round "5"]
[White "Socko, Monika"]
[Black "Ogonowska, Katarzyna"]
[Result "1-0"]
[WhiteElo "2486"]
[BlackElo "1853"]
[PlyCount "71"]
[EventDate "2010.09.04"]
[EventType "team-tourn"]
[EventRounds "9"]
[EventCountry "POL"]
[SourceTitle "EXT 2016"]
[Source "ChessBase"]
[SourceDate "2015.10.08"]
[SourceVersion "1"]
[SourceVersionDate "2015.10.08"]
[SourceQuality "1"]
[WhiteTeam "Katowice Hetman Szopienice"]
[BlackTeam "Wroclaw AZS WSB"]
[WhiteTeamCountry "POL"]
[BlackTeamCountry "POL"]

1. d4 d5 2. c4 dxc4 3. e4 e6 4. Bxc4 Nf6 5. Nc3 Be7 6. Nf3 a6 7. a4 0-0 8. 0-0 b6 9. Qe2 Bb7 10. Rd1 Nbd7 11. Bf4 Re8 12. Rac1 Nh5 13. Be3 Nhf6 14. Qc2 Qc8 15. e5 Nd5 16. Nxd5 exd5 17. Bd3 Nf8 18. Qxc7 Qxc7 19. Rxc7 Rab8 20. Bf5 h6 21. Rdc1 Bb4 22. Bd2 Be7 23. h4 Bd8 24. R7c2 Ne6 25. Bxe6 Rxe6 26. Bb4 Be7 27. Bxe7 Rxe7 28. Rc7 Rxc7 29. Rxc7 Bc8 30. Nd2 Bf5 31. Nf1 a5 32. Ne3 Be6 33. f4 g6 34. g4 Bc8 35. Nxd5 Kg7 36. Ne3 1-0

[Event "POL-chT 66th"]
[Site "Katowice"]
[Date "2010.09.07"]
[Round "4"]
[White "Ogonowska, Katarzyna"]
[Black "Majdan, Joanna"]
[Result "0-1"]
[WhiteElo "1853"]
[BlackElo "2333"]
[PlyCount "64"]
[EventDate "2010.09.04"]
[EventType "team-tourn"]
[EventRounds "9"]
[EventCountry "POL"]
[SourceTitle "EXT 2016"]
[Source "ChessBase"]
[SourceDate "2015.10.08"]
[SourceVersion "1"]
[SourceVersionDate "2015.10.08"]
[SourceQuality "1"]
[WhiteTeam "Wroclaw AZS WSB"]
[BlackTeam "Lublin"]
[WhiteTeamCountry "POL"]
[BlackTeamCountry "POL"]

1. g3 Nf6 2. Bg2 c5 3. d3 g6 4. f4 Bg7 5. Nf3 0-0 6. 0-0 d6 7. e4 Nc6 8. c3 Rb8 9. a4 a6 10. Nh4 Bd7 11. f5 b5 12. axb5 axb5 13. Bg5 b4 14. Nd2 bxc3 15. bxc3 Ne5 16. Ndf3 Nxf3+ 17. Rxf3 Ng4 18. Rf1 Ne5 19. Qd2 Rb3 20. fxg6 hxg6 21. Kh1 Nc6 22. Rac1 Kh7 23. Qa2 Qb6 24. Rb1 Rxb1 25. Rxb1 Ra8 26. Qc2 Qa5 27. Qf2 Qa2 28. Rb2 Qa1+ 29. Bf1 Ne5 30. Rb7 Bh3 31. Ng2 Ra2 32. Qg1 Nf3 0-1

[Event "POL-chT 66th"]
[Site "Katowice"]
[Date "2010.09.05"]
[Round "2"]
[White "Dworakowska, Joanna"]
[Black "Ogonowska, Katarzyna"]
[Result "1-0"]
[WhiteElo "2315"]
[BlackElo "1853"]
[PlyCount "35"]
[EventDate "2010.09.04"]
[EventType "team-tourn"]
[EventRounds "9"]
[EventCountry "POL"]
[SourceTitle "EXT 2016"]
[Source "ChessBase"]
[SourceDate "2015.10.08"]
[SourceVersion "1"]
[SourceVersionDate "2015.10.08"]
[SourceQuality "1"]
[WhiteTeam "Wroclaw"]
[BlackTeam "Wroclaw AZS WSB"]
[WhiteTeamCountry "POL"]
[BlackTeamCountry "POL"]

1. d4 d5 2. Nf3 Nf6 3. c4 dxc4 4. e3 e6 5. Bxc4 Bb4+ 6. Nc3 0-0 7. 0-0 c6 8. Qe2 Nbd7 9. e4 Nb6 10. Bd3 Be7 11. Bc2 c5 12. dxc5 Bxc5 13. e5 Nfd5 14. Bxh7+ Kh8 15. Ng5 g6 16. Qg4 Kg7 17. Nxf7 Rxf7 18. Qxg6+ 1-0

[Event "Warsaw AIG Life rapid 9th"]
[Site "Warsaw"]
[Date "2009.12.19"]
[Round "1"]
[White "Aleksandrov, Aleksej"]
[Black "Ogonowska, Katarzyna"]
[Result "0-1"]
[WhiteElo "2617"]
[BlackElo "1854"]
[PlyCount "86"]
[EventDate "2009.12.19"]
[EventType "swiss (rapid)"]
[EventRounds "13"]
[EventCountry "POL"]
[SourceTitle "CBM 133 Extra"]
[Source "ChessBase"]
[SourceDate "2010.01.05"]
[SourceVersion "1"]
[SourceVersionDate "2010.01.05"]
[SourceQuality "1"]

1. d4 d5 2. c4 dxc4 3. Nf3 Nf6 4. e3 e6 5. Bxc4 Nbd7 6. 0-0 c5 7. Qe2 Be7 8. Rd1 0-0 9. e4 cxd4 10. e5 Nd5 11. Rxd4 Bc5 12. Rd1 N7b6 13. Bd3 h6 14. Nc3 Bd7 15. Qe4 f5 16. exf6 Nxf6 17. Qg6 Qe8 18. Qg3 Nh5 19. Qe5 Rc8 20. Ne4 Rf5 21. Qc3 Bxf2+ 22. Nxf2 Rxc3 23. bxc3 Rf8 24. Ne5 Nf4 25. Bxf4 Rxf4 26. Rd2 Bb5 27. Bg6 Qe7 28. Rad1 Rf8 29. Be4 Be8 30. Bxb7 Qxb7 31. c4 Qc7 32. Nf3 Qxc4 33. Re1 Bh5 34. Nd4 Qc3 35. Nb3 Nc4 36. Ne4 Qb4 37. h3 Nxd2 38. Nexd2 Qb6+ 39. Kh1 a5 40. Re4 Bg6 41. Ra4 Bc2 42. Rc4 Bxb3 43. axb3 Qe3 0-1

[Event "Kochan Memorial op-B 20th"]
[Site "Koszalin"]
[Date "2009.08.08"]
[Round "3"]
[White "Gulik, Pawel"]
[Black "Ogonowska, Katarzyna"]
[Result "1/2-1/2"]
[WhiteElo "1915"]
[BlackElo "1835"]
[PlyCount "41"]
[EventDate "2009.08.06"]
[EventType "swiss"]
[EventRounds "9"]
[EventCountry "POL"]
[SourceTitle "CBM 132 Extra"]
[Source "ChessBase"]
[SourceDate "2009.11.03"]
[SourceVersion "1"]
[SourceVersionDate "2009.11.03"]
[SourceQuality "1"]

1. e4 e6 2. d4 d5 3. exd5 exd5 4. Nf3 Nf6 5. Bd3 Bd6 6. 0-0 0-0 7. c3 Bg4 8. Bg5 Nbd7 9. Nbd2 c6 10. Qc2 Qc7 11. h3 Bh5 12. Rae1 Rfe8 13. Rxe8+ Rxe8 14. Re1 Rxe1+ 15. Nxe1 Bg6 16. Bxg6 hxg6 17. Nef3 Bf4 18. Bxf4 Qxf4 19. Qd3 b6 20. Qe3 Qxe3 21. fxe3 1/2-1/2

[Event "POL-ch U18 Girls"]
[Site "Chotowa"]
[Date "2009.04.01"]
[Round "7"]
[White "Stepien, Katarzyna"]
[Black "Ogonowska, Katarzyna"]
[Result "1/2-1/2"]
[WhiteElo "1626"]
[BlackElo "1859"]
[PlyCount "61"]
[EventDate "2009.03.28"]
[EventType "swiss"]
[EventRounds "11"]
[EventCountry "POL"]
[SourceTitle "EXT 2011"]
[Source "ChessBase"]
[SourceDate "2010.11.26"]
[SourceVersion "1"]
[SourceVersionDate "2010.11.26"]
[SourceQuality "1"]

1. d4 d5 2. Nf3 Nf6 3. Bf4 Bf5 4. e3 e6 5. Be2 Nbd7 6. 0-0 Nb6 7. b3 Bd6 8. Be5 0-0 9. Nbd2 Ne4 10. Nxe4 Bxe4 11. Bxd6 Qxd6 12. Ne5 c5 13. dxc5 Qxc5 14. c4 dxc4 15. Nxc4 Nxc4 16. Bxc4 Qg5 17. g3 b5 18. Be2 Rfd8 19. Qe1 a5 20. b4 axb4 21. Qxb4 Bd3 22. Bxd3 Rxd3 23. a4 bxa4 24. Rxa4 Rxa4 25. Qxa4 Rd8 26. Qe4 h6 27. Qg2 Qf6 28. Qe4 Qg5 29. Qf3 Qe5 30. Qg2 Qf6 31. Qe4 1/2-1/2

[Event "Krakow op-A 19th"]
[Site "Krakow"]
[Date "2008.12.27"]
[Round "1"]
[White "Smola, Michal"]
[Black "Ogonowska, Katarzyna"]
[Result "1-0"]
[WhiteElo "2204"]
[BlackElo "1880"]
[PlyCount "83"]
[EventDate "2008.12.26"]
[EventType "swiss"]
[EventRounds "9"]
[EventCountry "POL"]
[SourceTitle "CBM 128 Extra"]
[Source "ChessBase"]
[SourceDate "2009.03.05"]
[SourceVersion "2"]
[SourceVersionDate "2009.03.25"]
[SourceQuality "1"]

1. e4 c5 2. Nf3 d6 3. d4 cxd4 4. Nxd4 Nf6 5. Nc3 g6 6. Be2 Bg7 7. 0-0 0-0 8. Be3 Nc6 9. Kh1 Bd7 10. f4 a6 11. Bf3 Nxd4 12. Bxd4 Bc6 13. Qd2 Rc8 14. a4 a5 15. Qf2 Nd7 16. Bg4 Bxd4 17. Qxd4 Rb8 18. Rad1 Nb6 19. e5 dxe5 20. Qxe5 Qe8 21. b3 Ra8 22. Qc7 Nc8 23. Rfe1 e6 24. f5 gxf5 25. Bxf5 Ne7 26. Ne4 Bxe4 27. Bxe4 Ng6 28. Qxb7 Rc8 29. Qb6 Qe7 30. Qxa5 Rc5 31. Qb6 Rfc8 32. Qd6 Qg5 33. Qd2 Qh4 34. g3 Qf6 35. a5 Ne5 36. Rf1 Qg7 37. c4 Ng4 38. a6 Rh5 39. Qd8+ Rxd8 40. Rxd8+ Qf8 41. Rxf8+ Kxf8 42. a7 1-0

[Event "POL-chT U19 1th League"]
[Site "Gorzow Wielkopolski"]
[Date "2008.07.12"]
[Round "8.29"]
[White "Bukwa, Karolina"]
[Black "Ogonowska, Katarzyna"]
[Result "1/2-1/2"]
[WhiteElo "1855"]
[BlackElo "1837"]
[PlyCount "113"]
[EventDate "2008.07.05"]
[EventType "team-tourn"]
[EventRounds "9"]
[EventCountry "POL"]
[SourceTitle "EXT 2019"]
[Source "ChessBase"]
[SourceDate "2018.10.10"]
[SourceVersion "1"]
[SourceVersionDate "2018.10.10"]
[SourceQuality "1"]
[WhiteTeam "Legnica Miedz U19"]
[BlackTeam "Bogatynia UKS SP3 U19"]
[WhiteTeamCountry "POL"]
[BlackTeamCountry "POL"]

1. d4 d5 2. Nf3 Nf6 3. e3 Bf5 4. c4 dxc4 5. Bxc4 e6 6. 0-0 Nbd7 7. b3 a6 8. a4 c5 9. Ba3 Be7 10. Nbd2 0-0 11. Qe2 Ne4 12. Nxe4 Bxe4 13. Rfd1 Qc7 14. Bb2 Bf6 15. Rac1 Qc6 16. Ne1 Qc7 17. dxc5 Bxb2 18. Qxb2 Nxc5 19. Qa3 Qe5 20. Be2 b6 21. b4 Nb7 22. Nf3 Qf6 23. Nd4 e5 24. Bf3 Nd6 25. Bxe4 Nxe4 26. Nf3 Nxf2 27. Kxf2 e4 28. Qc3 Qxc3 29. Rxc3 exf3 30. Kxf3 Rfe8 31. Rd6 Rab8 32. Rcc6 b5 33. Rxa6 bxa4 34. Rxa4 Rb5 35. Rc6 Reb8 36. Rc7 g6 37. Rc4 R8b6 38. e4 Kg7 39. Ke3 Rh5 40. h3 Rg5 41. Ra2 h5 42. Kd3 Rd6+ 43. Rd4 Rc6 44. Rd5 Rg3+ 45. Kd4 Rb3 46. Rb5 Rb1 47. Kd5 Re6 48. Re2 Rd1+ 49. Kc4 Rc1+ 50. Kb3 Rb1+ 51. Kc2 Ra1 52. Kb2 Rd1 53. e5 Rd4 54. Kc3 Rd1 55. Rc5 Rc1+ 56. Kd4 Rb1 57. Kc4 1/2-1/2